<?xml version="1.0" encoding="UTF-8"?>
<record
    xmlns:xsi="http://www.w3.org/2001/XMLSchema-instance"
    xsi:schemaLocation="http://www.loc.gov/MARC21/slim http://www.loc.gov/standards/marcxml/schema/MARC21slim.xsd"
    xmlns="http://www.loc.gov/MARC21/slim">

  <leader>01010nam a2200253 a 4500</leader>
  <controlfield tag="001">39171</controlfield>
  <controlfield tag="003">BD-RjUL</controlfield>
  <controlfield tag="005">20211209052931.0</controlfield>
  <controlfield tag="008">160405b20102013bg ||||e |||| 00| 0 ben d</controlfield>
  <datafield tag="020" ind1=" " ind2=" ">
    <subfield code="a">9847020900337:</subfield>
    <subfield code="c">Tk.195.00</subfield>
  </datafield>
  <datafield tag="035" ind1=" " ind2=" ">
    <subfield code="a">(BD-RjUL)39283</subfield>
  </datafield>
  <datafield tag="040" ind1=" " ind2=" ">
    <subfield code="a">BD-RjUL</subfield>
    <subfield code="b">ben</subfield>
    <subfield code="c">BD-RjUL</subfield>
  </datafield>
  <datafield tag="041" ind1=" " ind2=" ">
    <subfield code="a">ben</subfield>
  </datafield>
  <datafield tag="082" ind1=" " ind2=" ">
    <subfield code="2">23</subfield>
    <subfield code="a">839.82</subfield>
    <subfield code="b">HAK 2013</subfield>
  </datafield>
  <datafield tag="100" ind1=" " ind2=" ">
    <subfield code="a">&#x9B9;&#x9CD;&#x9AF;&#x9BE;&#x9AE;&#x9B8;&#x9C1;&#x9A8;, &#x9A8;&#x9CD;&#x9AF;&#x9C1;&#x99F;</subfield>
    <subfield code="9">120717</subfield>
  </datafield>
  <datafield tag="245" ind1=" " ind2=" ">
    <subfield code="a">&#x995;&#x9CD;&#x9B7;&#x9C1;&#x9A7;&#x9BE; /</subfield>
    <subfield code="c">&#x9A8;&#x9CD;&#x9AF;&#x9C1;&#x99F; &#x9B9;&#x9CD;&#x9AF;&#x9BE;&#x9AE;&#x9B8;&#x9C1;&#x9A8;, &#x985;&#x9A8;&#x9C1;&#x9AC;&#x9BE;&#x9A6; : &#x9B8;&#x9CC;&#x9B0;&#x9C0;&#x9A8; &#x9A8;&#x9BE;&#x997;</subfield>
  </datafield>
  <datafield tag="260" ind1=" " ind2=" ">
    <subfield code="a">&#x9A2;&#x9BE;&#x995;&#x9BE; :</subfield>
    <subfield code="b">&#x9B8;&#x9A8;&#x9CD;&#x9A6;&#x9C7;&#x9B6;,</subfield>
    <subfield code="c">&#x9E8;&#x9E6;&#x9E7;&#x9E9;</subfield>
  </datafield>
  <datafield tag="300" ind1=" " ind2=" ">
    <subfield code="a">&#x9E7;&#x9EC;&#x9E6; &#x9AA;&#x9C3;.;</subfield>
    <subfield code="c">&#x9E8;&#x9E8; &#x9B8;&#x9C7;.&#x9AE;&#x9BF;.</subfield>
  </datafield>
  <datafield tag="500" ind1=" " ind2=" ">
    <subfield code="a">&#x9E7;&#x9EF;&#x9E8;&#x9E6; &#x9B8;&#x9BE;&#x9B2;&#x9C7; &#x9B8;&#x9BE;&#x9B9;&#x9BF;&#x9A4;&#x9CD;&#x9AF;&#x9C7; &#x9A8;&#x9CB;&#x9AC;&#x9C7;&#x9B2; &#x9AC;&#x9BF;&#x99C;&#x9AF;&#x9BC;&#x9C0; &#x9A8;&#x9B0;&#x993;&#x9AF;&#x9BC;&#x9C7;&#x99C;&#x9C0;&#x9AF;&#x9BC; &#x9B2;&#x9C7;&#x996;&#x995;&#x964;</subfield>
  </datafield>
  <datafield tag="650" ind1=" " ind2=" ">
    <subfield code="a"> &#x9A8;&#x9B0;&#x993;&#x9AF;&#x9BC;&#x9C7;&#x99C;&#x9C0;&#x9AF;&#x9BC; &#x9B8;&#x9BE;&#x9B9;&#x9BF;&#x9A4;&#x9CD;&#x9AF;</subfield>
    <subfield code="9">120718</subfield>
  </datafield>
  <datafield tag="650" ind1=" " ind2=" ">
    <subfield code="a">Norwegian Literature</subfield>
    <subfield code="9">120719</subfield>
  </datafield>
  <datafield tag="700" ind1=" " ind2=" ">
    <subfield code="a">&#x9A8;&#x9BE;&#x997;, &#x9B8;&#x9CC;&#x9B0;&#x9C0;&#x9A8;</subfield>
    <subfield code="9">120841</subfield>
  </datafield>
  <datafield tag="942" ind1=" " ind2=" ">
    <subfield code="2">ddc</subfield>
    <subfield code="c">BK</subfield>
    <subfield code="0">1</subfield>
  </datafield>
  <datafield tag="999" ind1=" " ind2=" ">
    <subfield code="c">39171</subfield>
    <subfield code="d">39171</subfield>
  </datafield>
  <datafield tag="952" ind1=" " ind2=" ">
    <subfield code="0">0</subfield>
    <subfield code="1">0</subfield>
    <subfield code="2">ddc</subfield>
    <subfield code="4">0</subfield>
    <subfield code="7">1</subfield>
    <subfield code="a">RUCL</subfield>
    <subfield code="b">RUCL</subfield>
    <subfield code="c">Reading</subfield>
    <subfield code="d">2013-06-24</subfield>
    <subfield code="e">Sandesh, Dhaka.</subfield>
    <subfield code="g">195.00</subfield>
    <subfield code="l">0</subfield>
    <subfield code="o">B 839.82 HAK 2013</subfield>
    <subfield code="r">2016-04-05 00:00:00</subfield>
    <subfield code="t">C-1</subfield>
    <subfield code="w">2016-04-05</subfield>
    <subfield code="y">BK</subfield>
  </datafield>
  <datafield tag="952" ind1=" " ind2=" ">
    <subfield code="0">0</subfield>
    <subfield code="1">0</subfield>
    <subfield code="2">ddc</subfield>
    <subfield code="4">0</subfield>
    <subfield code="7">0</subfield>
    <subfield code="a">RUCL</subfield>
    <subfield code="b">RUCL</subfield>
    <subfield code="c">Stack</subfield>
    <subfield code="d">2013-06-24</subfield>
    <subfield code="e">Sandesh, Dhaka.</subfield>
    <subfield code="g">195.00</subfield>
    <subfield code="l">0</subfield>
    <subfield code="o">B 839.82 HAK 2013</subfield>
    <subfield code="r">2016-04-05 00:00:00</subfield>
    <subfield code="t">C-2</subfield>
    <subfield code="w">2016-04-05</subfield>
    <subfield code="y">BK</subfield>
  </datafield>
  <datafield tag="952" ind1=" " ind2=" ">
    <subfield code="0">0</subfield>
    <subfield code="1">0</subfield>
    <subfield code="2">ddc</subfield>
    <subfield code="4">0</subfield>
    <subfield code="7">0</subfield>
    <subfield code="a">RUCL</subfield>
    <subfield code="b">RUCL</subfield>
    <subfield code="c">Stack</subfield>
    <subfield code="d">2013-06-02</subfield>
    <subfield code="e">Sandesh, Dhaka.</subfield>
    <subfield code="g">195.00</subfield>
    <subfield code="l">1</subfield>
    <subfield code="o">B 839.82 HAK 2013</subfield>
    <subfield code="r">2016-08-01 00:00:00</subfield>
    <subfield code="s">2016-07-30</subfield>
    <subfield code="t">C-3</subfield>
    <subfield code="w">2016-04-05</subfield>
    <subfield code="y">BK</subfield>
  </datafield>
</record>
